Yorkshire & North of England Land Agents & Surveyors Association (Record no. 114463)
[ view plain ]
| 000 -LEADER | |
|---|---|
| fixed length control field | 01162ckm a22001935a 4500 |
| 001 - CONTROL NUMBER | |
| control field | L156877 |
| 008 - FIXED-LENGTH DATA ELEMENTS--GENERAL INFORMATION | |
| fixed length control field | 120724m18661885xxk f 000 0 eng d |
| 035 ## - SYSTEM CONTROL NUMBER | |
| System control number | (Sirsi) u156877 |
| 041 0# - LANGUAGE CODE | |
| Language code of text/sound track or separate title | eng |
| 245 00 - TITLE STATEMENT | |
| Title | Yorkshire & North of England Land Agents & Surveyors Association |
| Remainder of title | founded 1866 |
| Medium | [graphic] |
| 260 ## - PUBLICATION, DISTRIBUTION, ETC. | |
| Date of publication, distribution, etc. | 1866-1885 |
| 300 ## - PHYSICAL DESCRIPTION | |
| Extent | 1 album of photographs |
| Other physical details | b&w |
| Dimensions | 17 x 23 cm. |
| 505 2# - FORMATTED CONTENTS NOTE | |
| Formatted contents note | S. D. Martin, Founder -- Rd. Gouthwaite, 1866 -- Fras. Carr, 1866 -- Thos. Brook, 1866 -- Wm. Paver, 1866 -- T. S. Cundy, 1866 -- G. B. Smith, 1866 -- R. W. F Mills, 1866 (Centre) -- John Richardson, 1867 -- F. Fowler, 1868 -- Wm. Cowgill, 1870 -- Jas. Powell, 1871 -- B. W. Jackson, 1871 -- J. D. Butler, 1875 -- J. O. Greaves, 1875 -- John Farrer, 1876 -- S. Newsam, 1876 -- J. Hindle, 1877 -- Isaac Booth, 1877 -- Jas. Rutherford, 1878 -- A. Greenside, 1878 [missing] -- G. H. Crowther, 1880 -- J. E. Kaye, 1883 -- H. J. Cundy, 1885 |
| 520 ## - SUMMARY, ETC. | |
| Summary, etc. | Album contains photographs of founders and members of the Association. |
| 583 ## - ACTION NOTE | |
| Action | Condition reviewed |
| Time/date of action | 20120620 |
| Status | condition level 1 |
| 651 #4 - SUBJECT ADDED ENTRY--GEOGRAPHIC NAME | |
| Geographic name | England |
| Chronological subdivision | 886- |
| 690 ## - LOCAL SUBJECT ADDED ENTRY--TOPICAL TERM (OCLC, RLIN) | |
| Topical term or geographic name as entry element | Business and management |
| 942 ## - ADDED ENTRY ELEMENTS (KOHA) | |
| Suppress in OPAC | 0 |
| Withdrawn status | Lost status | Source of classification or shelving scheme | Damaged status | Not for loan | Home library | Current library | Shelving location | Date acquired | Total Checkouts | Full call number | Barcode | Date last seen | Copy number | Price effective from | Koha item type |
|---|---|---|---|---|---|---|---|---|---|---|---|---|---|---|---|
| Dewey Decimal Classification | Historic collection | Historic collection | Historic collection | 24/07/2012 | OCTAVO 1885 YORKSHIRE | 30077101 | 06/08/2019 | 1 | 06/08/2019 | Book |